Statistics for Movies by Letter - Z

Click here to take the quiz!

General Stats

  • This quiz has been taken 35 times
  • The average score is 9 of 25

Answer Stats

HintAnswer% Correct
Marty's species in the Madagascar franchisezebra
94%
Avatar, Star Trek, and Death at a Funeral actress SaldanaZoe
84%
Creepy bad guys in Night of the Living Deadzombies
84%
Ben Stiller and Owen Wilson are slow-witted modelsZoolander
84%
Disney film about a rabbit who joins the big city police forceZootopia
61%
Back to the Future and Forrest Gump directorRobert Zemeckis
58%
King Hu martial arts film from 1971: A Touch of ____Zen
39%
Type of lens that can adjust between prime focal lengthszoom
39%
Eva's older sisterZsa Zsa
39%
Mufasa's hornbill advisorZazu
29%
Indiana and Henry Jones exit this on a biplanezeppelin
29%
Broadway revue that launched many silent film actresses' careersZiegfeld Follies
29%
Kevin James gets help from animals in his search for loveZookeeper
29%
The last human city and home of sweaty raves in the Matrix trilogyZion
26%
Uncle Remus's theme songZip-a-Dee-Doo-Dah
23%
Played by Laurence Olivier, Sean Bean, Liam Neeson, and Rip TornZeus
19%
Type of music featured in The Big Easyzydeco
19%
Pre-cinematic optical device that inspired the name for Francis Ford Coppola's companyzoetrope
16%
Longtime head of Twentieth Century-Fox, produced How Green Was My Valley, All About EveDarryl Zanuck
10%
Charlie Hunnam searches the jungle for the ______ ______ of ZLost City
10%
Comedy about breaking into adult filmZack and Miri Make a Porno
10%
Hero, House of Flying Daggers, and Raise the Red Lantern directorZhang Yimou
10%
Jim Broadbent's character in Moulin Rouge!, based on the real-life Charles-JosephHarold Zidler
6%
Star of Not One Less, 2046, and Memoirs of a GeishaZhang Ziyi
6%
Founding partner of Paramount PicturesAdolph Zukor
3%

Score Distribution

Percentile by Number Answered

Percent of People with Each Score

Your Score History

You have not taken this quiz